Statistics for Countries with Most Rugby Players per Capita

Click here to take the quiz!

General Stats

  • This quiz has been taken 2,966 times
  • The average score is 14 of 24

Answer Stats

per 1,000 people Country % Correct
31New Zealand
98%
26Australia
96%
37United Kingdom (Great Britain)
95%
29Ireland (All-Ireland)
90%
9.5France
89%
216Fiji
87%
8.0South Africa
86%
4.6United States
85%
60Samoa
83%
4.2Canada
82%
582Tonga
81%
21Solomon Islands
59%
4.9Namibia
47%
4.7Portugal
38%
18Andorra
37%
17Monaco
37%
6.1Luxembourg
35%
5.2Singapore
35%
9.4Uruguay
34%
44Malta
29%
5.5Botswana
29%
19Eswatini
29%
4.1Sri Lanka
27%
25St. Vincent and the Grenadines
16%

Score Distribution

Percentile by Number Answered

Percent of People with Each Score

Your Score History

You have not taken this quiz